000 00602nam a2200241Ia 4500
003 OSt
005 20220924134547.0
006 a|||||r|||| 00| 0
007 ta
008 220923b |||||||| |||| 00| 0 tam d
024 _a276905
037 _cTextual
040 _aARTS
_cARTS
_btam
041 _2tam
_atam
082 _aO31:g, K9
100 _aVelupillai A
_9208694
245 0 _aTamil elakiyankalin kalamum karuthum
260 _c1969
300 _a165p.
_ccm.
650 _aTAMIL LITERATURE
942 _hO31:g, K9
_cTEXL
_2CC
999 _c437801
_d437801